| 000 | 00444nam a2200133Ia 4500 | ||
|---|---|---|---|
| 008 | 170516s9999 xx 000 0 und d | ||
| 245 | _aIntracranial vessel wall imaging: current applications and clinical implications | ||
| 260 | _bNeurovacular Imaging | ||
| 260 | _c2016 | ||
| 300 | _a2: | ||
| 650 | _xMedical Technology | ||
| 650 | _xMedtech | ||
| 856 | _uhttp://nvijournal.biomedcentral.com/articles?query=&volume=2&searchType=&tab=keyword | ||
| 999 |
_c330401 _d330401 |
||